Statistics for 100 Most Influential Authors in my Opinion

Click here to take the quiz!

General Stats

  • This quiz has been taken 349 times
  • The average score is 58 of 100

Answer Stats

WorkAnswer% Correct
1IlliadHomer
99%
2HamletWilliam Shakespeare
99%
15War and PeaceLeo Tolstoy
95%
231984George Orwell
94%
11Sense and SensibilityJane Austen
94%
54Harry PotterJ.K. Rowling
94%
25A Christmas CarolCharles Dickens
93%
3The Divine ComedyDante Alighieri
93%
36The HobbitJ. R. R. Tolkien
92%
66Jane EyreCharlotte Bronte
91%
67Wuthering HeightsEmily Brontë
91%
57Murder on the Orient ExpressAgatha Christie
90%
33The Old Man and the SeaErnest Hemingway
90%
40The Adventures of Tom SawyerMark Twain
90%
73Of Mice and MenJohn Steinbeck
89%
26The RavenEdgar Allan Poe
88%
8Crime and PunishmentFyodor Dostoevsky
87%
68To Kill a MockingbirdHarper Lee
87%
14UlyssesJames Joyce
87%
63FrankensteinMary Shelley
87%
56Sherlock HolmesArthur Conan Doyle
86%
12Twenty Thousand Leagues Under the SeaJules Verne
86%
49The Picture of Dorian GrayOscar Wilde
86%
35The Hunchback of Notre DameVictor Hugo
86%
77The Great GatsbyF. Scott Fitzgerald
85%
59Moby-DickHerman Melville
84%
53The Catcher in the RyeJ. D. Salinger
84%
29Alice in WonderlandLewis Carroll
84%
7Don QuixoteMiguel de Cervantes
84%
10The TrialFranz Kafka
83%
42ItStephen King
83%
28The Little MermaidHans Christian Andersen
82%
64One Hundred Years of SolitudeGabriel Garcia Marquez
79%
89The Count of Monte CristoAlexandre Dumas
78%
90The Call of the WildJack London
78%
39CandideVoltaire
78%
72Brave New WorldAldous Huxley
76%
85On the RoadJack Kerouac
76%
69Heart of DarknessJoseph Conrad
76%
19Robinson CrusoeDaniel Defoe
74%
74The Canterbury TalesGeoffrey Chaucer
73%
27Hansel and GretelBrothers Grimm
72%
38Gulliver's TravelsJonathan Swift
72%
41Mrs DallowayVirginia Woolf
72%
46The StrangerAlbert Camus
70%
78Madame BovaryGustave Flaubert
69%
32In Search of Lost TimeMarcel Proust
66%
13UtopiaThomas More
66%
97Uncle Tom’s CabinHarriet Beecher Stowe
65%
96The Time MachineH. G. Wells
64%
71Catch 22Joseph Heller
64%
52Waiting for GodotSamuel Beckett
64%
24The AeneidVirgil
63%
17Paradise LostJohn Milton
62%
100Midnight's ChildrenSalman Rushdie
61%
82A Doll's HouseHenrik Ibsen
60%
65BelovedToni Morrison
60%
9MetamorphosesOvid
59%
79Absalom, Absalom!William Faulkner
59%
84The Little PrinceAntoine de Saint-Exupéry
55%
21The Sorrows of Young WertherJohann Wolfgang von Goethe
54%
75The Magic MountainThomas Mann
54%
76The Waste LandT. S. Eliot
53%
87Leaves of GrassWalt Whitman
52%
20The DecameronGiovanni Boccaccio
49%
4Oedipus RexSophokles
47%
43The Red and the BlackStendhal
47%
55Pippi LongstockingAstrid Lindgren
46%
44The MisanthropeMolière
46%
62DiscworldTerry Pratchett
43%
31Don JuanLord Byron
41%
86Father GoriotHonoré de Balzac
38%
58The SeagullAnton Chekhov
36%
18The FrogsAristophanes
35%
88MedeaEuripides
35%
34The Threepenny OperaBertolt Brecht
33%
45Fathers and SonsIvan Turgenev
32%
60The NoseNikolai Gogol
32%
5OresteiaAeschylus
26%
51William TellFriedrich Schiller
25%
95Gargantua and PantagruelFrançois Rabelais
24%
99Ode to AphroditeSappho
22%
47Jacques the FatalistDenis Diderot
21%
91The LeopardGiuseppe Tomasi di Lampedusa
19%
61Nathan the WiseGotthold Ephraim Lessing
17%
94OdesHorace
17%
98The Book of DisquietFernando Pessoa
16%
50Dantons DeathGeorg Büchner
15%
93A Universal History of InfamyJorge Luis Borges
12%
22GitanjaliRabindranath Tagore
12%
81Divan-e-HafezHafez
10%
6Romance of the Three KingdomsLuo Guanzhong
10%
83The Tale of GenjiMurasaki Shikibu
10%
92Jerusalem DeliveredTorquato Tasso
10%
37Daphnis and ChloeLongus
8%
70The LusiadsLuís de Camões
8%
48Prose EddaSnorri Sturluson
8%
30Dream of the Red ChamberCao Xueqin
6%
16Journey to the WestWu Cheng'en
6%
80ShahnamehFerdowsi
5%

Score Distribution

Percentile by Number Answered

Percent of People with Each Score

Your Score History

You have not taken this quiz